000 02269nam a2200229Ia 4500
003 Ost
005 20260507075332.0
008 260507s9999||||xx |||||||||||||| ||und||
020 _a9789957166786
040 _cfsecg
041 _aara
082 _a330
100 _aشكري، بهاء بهيج
_eمؤلف
245 0 _aإعادة التأمين بين النظرية و التطبيق /
_c بهاء بهيج شكري
260 _aعمان:
_bدار الثقافة,
_c2011
300 _a303 صفحة؛
_bإيضاحات ؛
_c25 سم
520 _a1) التعريف باعادة التأمين : نشوء و تطور اعادة التامين ، عقد اعادة التامين و اجراءاته و عمولاته 2) طرق اعادة التأمين : اعادة التامين الاختياري ، الغطاء المفتوح ، اعادة التامين الاتفاقي : اتفاقية المشاركة ، اتفاقية الفائض ، اتفاقية زيادة الخسارة ، اتفاقية الخسارة الحدية و اتفاقيات مختلفة ، طرقة أخرى لاعادة التامين : الغطاء المزدوج ، اعادة التامين المتقابل و الحساب المشترك 3) تطبيقات اعادة التامين : تغطية محفظة الحريق : تغطية كامل المحفظة و التغطية المجزأة ، تغطية محفظة الحوادث : تغطية الحوادث العامة و تغطية التأمين الهندسي ، تغطية محفظة أخطار النقل : تغطية فرع تأمين السفن و تغطية فرع البضائع ، اعادة تامين حوادث الطيران ، تغطية محفظة الحياة 4) عقد و طرق الاسناد المكرر 5) البتامين الاسلامي و علاقته باعادة التامين التجاري : التامين و اعادة التامين التجاري بين التحليل و التحريم ، ماهية التامين الاسلامي ، التامين الاسلامي و اعادة التامين و اخيرا الطرق المقترحة
653 _aإعادة التأمين
653 _aالتأمين - البنوك
653 _aالتأمين- المخاطر
942 _cكتاب
999 _c44015
_d44015